000
00303nam a2200145Ia 4500
100
_a
Lee
490
_v
II
942
_c
BK
654
_a
System Analysis
245
_a
Introducing System Analysis & Design
260
_b
Galgotia
_a
NEW DELHI
_c
1982
300
_a
556
546
_a
ENGLISH
999
_c
25659
_d
25659